Contracting law (Record no. 32552)

MARC details
000 -LEADER
fixed length control field 01443cab a2200277 4500
001 - CONTROL NUMBER
control field ABS45389
008 - FIXED-LENGTH DATA ELEMENTS--GENERAL INFORMATION
fixed length control field 090401t1991 xxu||||| |||| 00| 0 eng d
035 ## - SYSTEM CONTROL NUMBER
System control number (Sirsi) u52656
041 ## - LANGUAGE CODE
Language code of text/sound track or separate title eng
100 ## - MAIN ENTRY--PERSONAL NAME
Personal name Bingham, T.
245 ## - TITLE STATEMENT
Title Contracting law
260 ## - PUBLICATION, DISTRIBUTION, ETC.
Date of publication, distribution, etc. 1991
350 ## - PRICE (NR) (BK AM CF MU VM SE) [OBSOLETE]
Price 0
490 ## - SERIES STATEMENT
Series statement Building
Volume/sequential designation 256(7721) 15 November 1991, 33(1)
520 ## - SUMMARY, ETC.
Summary, etc. Summarises recent law case reports of building contract disputes. Hydrocarbons Great Britain v Cammell Laird Shipbuilders and others CA 1991 (53 BLR 84); J F Finnegan v Ford Sellar Morris Developments; J F Finnegan v Law QBD 1991 (53 BLR 38); R M Douglas Construction v Bass Leisure QBD 1990 (53 BLR 119); Antino v Epping Forest DC (53 BLR 56); Leicester Wholesale Fruit Market v Grundy and others (No 2) CA (No 2) CA 1990 (54 BLR 1); Wates Construction (London) v Franthom Property CA 1991 (53 BLR 23) and Hermcrest v G Percy Trentham CA 1991 (53 BLR 104).
650 ## - SUBJECT ADDED ENTRY--TOPICAL TERM
Topical term or geographic name entry element HYDROCARBONS GREAT BRITAIN V CAMMELL LAIRD SHIPBUILDERS AND OTHERS
650 ## - SUBJECT ADDED ENTRY--TOPICAL TERM
Topical term or geographic name entry element J F FINNEGAN V FORD SELLAR MORRIS DEVELOPMENTS
650 ## - SUBJECT ADDED ENTRY--TOPICAL TERM
Topical term or geographic name entry element J F FINNEGAN V LAW
650 ## - SUBJECT ADDED ENTRY--TOPICAL TERM
Topical term or geographic name entry element R M DOUGLAS CONSTRUCTION V BASS LEISURE
650 ## - SUBJECT ADDED ENTRY--TOPICAL TERM
Topical term or geographic name entry element ANTINO V EPPING FOREST DC
650 ## - SUBJECT ADDED ENTRY--TOPICAL TERM
Topical term or geographic name entry element LEICESTER WHOLESALE FRUIT MARKET V GRUNDY AND OTHERS (NO 2)
650 ## - SUBJECT ADDED ENTRY--TOPICAL TERM
Topical term or geographic name entry element WATES CONSTRUCTION (LONDON) LTD V FRANTHOM PROPERTY LTD
690 ## - LOCAL SUBJECT ADDED ENTRY--TOPICAL TERM (OCLC, RLIN)
Topical term or geographic name as entry element BUILT ENVIRONMENT-BUILDING CONTRACT FORMS
942 ## - ADDED ENTRY ELEMENTS (KOHA)
Suppress in OPAC 0
948 ## - LOCAL PROCESSING INFORMATION (OCLC); SERIES PART DESIGNATOR (RLIN)
c (OCLC) 04/03/1997
Holdings
Withdrawn status Lost status Source of classification or shelving scheme Damaged status Not for loan Home library Current library Shelving location Date acquired Total Checkouts Full call number Barcode Date last seen Copy number Price effective from Koha item type
    Dewey Decimal Classification     London London Journal article 14/09/1999   ABS45389 52656-1001 06/08/2019 1 06/08/2019 Journal article